Stille Nacht, heilige Nacht - Statistiken

Allgemein
  • Dieses Quiz wurde 4.421 mal gespielt
    3.576 seit der letzten Aktualisierung
  • Das Durchschnittsergebnis liegt bei 11 aus 18
Antwortstatistiken
Vers % Korrekt
Stille Nacht, {heilige} Nacht!
100%
Stille Nacht, {heilige} Nacht!
100%
Stille Nacht, {heilige} Nacht!
100%
Alles schläft, {einsam} wacht
79%
nur das traute, {hochheilige} Paar.
71%
Holder {Knabe} im lockigen Haar,
62%
Christ, der {Retter}, ist da,
61%
Christ, der {Retter}, ist da!
61%
schlaf in {himmlischer} {Ruh},
61%
schlaf in {himmlischer} {Ruh}.
61%
Gottes {Sohn}, o wie lacht
54%
Lieb aus deinem göttlichen {Mund},
49%
tönt es {laut} von fern und nah:
49%
Christ, in deiner {Geburt},
44%
Christ, in deiner {Geburt}.
44%
durch der Engel {Halleluja}
36%
da uns schlägt die {rettende} Stund,
34%
{Hirten} erst kundgemacht,
33%
Keine übereinstimmenden Quizze gefunden
Verteilung der Resultate
Anzahl Personen mit jedem Resultat
Perzentil nach korrekt beantworteten Fragen
Ihre Resultats-Entwicklung
Sie haben dieses Quiz seit der letzten Aktualisierung nicht gespielt